[Event "Mittelfrank Regionalliga Sud-Ost 2223"]
[Site "Mittelfranken"]
[Date "2022.10.23"]
[Round "2.1"]
[White "Zill, Christoph"]
[Black "Zauner, Christoph"]
[Result "1-0"]
[WhiteElo "2132"]
[BlackElo "2024"]
[PlyCount "73"]
[EventDate "2022.10.09"]
[EventType "team-tourn"]
[EventRounds "9"]
[EventCountry "GER"]
[SourceTitle "EXT 2024"]
[Source "ChessBase"]
[SourceDate "2023.10.10"]
[SourceVersion "1"]
[SourceVersionDate "2023.10.10"]
[SourceQuality "1"]
[WhiteTeam "Freising"]
[BlackTeam "Passau II"]
[WhiteTeamCountry "GER"]
[BlackTeamCountry "GER"]

1. e4 e6 2. d4 d5 3. Nc3 Bb4 4. e5 Ne7 5. Bd2 b6 6. a3 Bxc3 7. Bxc3 Ba6 8. Bxa6 Nxa6 9. Qd3 Nb8 10. b4 Nd7 11. b5 a6 12. Ne2 axb5 13. Qxb5 Qc8 14. 0-0 Qa6 15. a4 c6 16. Qxa6 Rxa6 17. a5 bxa5 18. Bxa5 c5 19. Bc7 Rxa1 20. Rxa1 Nf8 21. Bd6 Nfg6 22. dxc5 Nc6 23. Nf4 Kd7 24. Nxg6 hxg6 25. Rb1 Ra8 26. Rb7+ Ke8 27. g3 Ra7 28. Rb6 Nd4 29. Rb8+ Kd7 30. Rb6 g5 31. h3 Nb5 32. f4 gxf4 33. gxf4 Nd4 34. c3 Nc6 35. Kf2 Na5 36. Kg3 Rb7 37. c6+ 1-0

[Event "Ceske Budejovice op-A"]
[Site "Ceske Budejovice"]
[Date "2022.07.05"]
[Round "5"]
[White "Zauner, Christoph"]
[Black "Musil, Vitezslav"]
[Result "1-0"]
[WhiteElo "1963"]
[BlackElo "1834"]
[PlyCount "59"]
[EventDate "2022.07.01"]
[EventType "swiss"]
[EventRounds "9"]
[EventCountry "CZE"]
[SourceTitle "CBM 209 Extra"]
[Source "ChessBase"]
[SourceDate "2022.09.30"]
[SourceVersion "1"]
[SourceVersionDate "2022.09.30"]
[SourceQuality "1"]

1. d4 Nf6 2. Bg5 Ne4 3. Bf4 c5 4. f3 Nf6 5. dxc5 Qa5+ 6. Nc3 Qxc5 7. e4 Nc6 8. Qd2 d6 9. Nb5 Qb6 10. Be3 Qd8 11. Qf2 Nd7 12. 0-0-0 a6 13. Nd4 g6 14. h4 Bg7 15. h5 Qa5 16. Bc4 Nce5 17. Bb3 gxh5 18. Nf5 Bf6 19. Rxh5 Nc5 20. Kb1 Be6 21. Nd4 Nxb3 22. Nxe6 fxe6 23. axb3 Qc7 24. Ne2 Rc8 25. Nd4 Kd7 26. Qe2 Nc6 27. Nxc6 bxc6 28. e5 Bg7 29. exd6 exd6 30. Bf4 1-0

[Event "Ceske Budejovice op-A"]
[Site "Ceske Budejovice"]
[Date "2022.07.04"]
[Round "4"]
[White "Bartos, Jan"]
[Black "Zauner, Christoph"]
[Result "1-0"]
[WhiteElo "2142"]
[BlackElo "1963"]
[PlyCount "65"]
[EventDate "2022.07.01"]
[EventType "swiss"]
[EventRounds "9"]
[EventCountry "CZE"]
[SourceTitle "CBM 209 Extra"]
[Source "ChessBase"]
[SourceDate "2022.09.30"]
[SourceVersion "1"]
[SourceVersionDate "2022.09.30"]
[SourceQuality "1"]

1. d4 f5 2. g3 Nf6 3. Bg2 g6 4. c3 Bg7 5. Nd2 d5 6. Ngf3 0-0 7. 0-0 Nc6 8. Qb3 Qd6 9. Re1 Kh8 10. Nf1 e5 11. dxe5 Nxe5 12. Nxe5 Qxe5 13. Bf4 Qe7 14. Bxd5 Nxd5 15. Qxd5 g5 16. Be3 Be6 17. Qc5 Qf7 18. Bxg5 b6 19. Qe7 Qg6 20. Bf4 c5 21. Nd2 Rae8 22. Qg5 Qf7 23. Bd6 Rg8 24. Qf4 Bf6 25. e4 Rg4 26. Qf3 f4 27. Bxf4 Reg8 28. Bd6 Qg6 29. e5 Bg5 30. Ne4 Bf4 31. Nf6 h5 32. Nxg4 Bd2 33. Qf6+ 1-0

[Event "Liberec op 21st"]
[Site "Liberec"]
[Date "2022.02.09"]
[Round "6"]
[White "Pourquet, Matthieu"]
[Black "Zauner, Christoph"]
[Result "0-1"]
[WhiteElo "2197"]
[BlackElo "2001"]
[PlyCount "106"]
[EventDate "2022.02.05"]
[EventType "swiss"]
[EventRounds "9"]
[EventCountry "CZE"]
[SourceTitle "EXT 2023"]
[Source "ChessBase"]
[SourceDate "2022.10.05"]
[SourceVersion "1"]
[SourceVersionDate "2022.10.05"]
[SourceQuality "1"]

1. e4 e6 2. d4 d5 3. Nc3 Bb4 4. e5 Ne7 5. a3 Bxc3+ 6. bxc3 c5 7. h4 Qc7 8. h5 h6 9. Rb1 Bd7 10. Qg4 Nbc6 11. Qxg7 0-0-0 12. Qf6 cxd4 13. Nf3 dxc3 14. Bxh6 Nf5 15. Bf4 Ncd4 16. Nxd4 Nxd4 17. Bd3 Ba4 18. Kd1 Nxc2 19. Bxc2 Bxc2+ 20. Kxc2 d4 21. Rh3 Qc4 22. Rb4 d3+ 23. Kb1 c2+ 24. Kc1 Qc3 25. Rxd3 Qxd3 26. Kb2 Qe2 27. Bc1 Rxh5 28. f4 Rd7 29. Qg7 b6 30. Rb3 Rh1 31. Rc3+ Kb7 32. Qf8 Qb5+ 33. Kxc2 Rc7 34. Rxc7+ Kxc7 35. Qxf7+ Kb8 36. Qxe6 Qc5+ 37. Kd3 Rxc1 38. Qe8+ Kc7 39. Qf7+ Kd8 40. Qg8+ Kd7 41. Qf7+ Qe7 42. Qd5+ Kc7 43. Kd2 Rc5 44. Qe4 Qe6 45. Ke3 Qb3+ 46. Kf2 Rc4 47. Qh7+ Kc6 48. Qg6+ Kc5 49. Qd6+ Kb5 50. Qd7+ Ka6 51. Qf5 Rc2+ 52. Kg1 Qb1+ 53. Kh2 Rxg2+ 0-1

[Event "Ceske Budejovice op"]
[Site "Ceske Budejovice"]
[Date "2021.07.02"]
[Round "2"]
[White "Zauner, Christoph"]
[Black "Lang, Simon"]
[Result "1/2-1/2"]
[WhiteElo "2007"]
[BlackElo "1757"]
[PlyCount "45"]
[EventDate "2021.07.01"]
[EventType "swiss"]
[EventRounds "9"]
[EventCountry "CZE"]
[SourceTitle "CBM 203 Extra"]
[Source "ChessBase"]
[SourceDate "2021.09.30"]
[SourceVersion "1"]
[SourceVersionDate "2021.09.30"]
[SourceQuality "1"]

1. d4 d5 2. c4 e6 3. Nc3 Nf6 4. Bg5 Be7 5. e3 0-0 6. Qc2 h6 7. Bxf6 Bxf6 8. cxd5 exd5 9. Bd3 b6 10. Nge2 Be6 11. 0-0 c5 12. dxc5 bxc5 13. Rfd1 Nc6 14. a3 Qe7 15. Bb5 Qb7 16. Rac1 Rac8 17. Qa4 Rc7 18. Nxd5 Bxd5 19. Rxd5 Nd4 20. Rcxc5 Nxe2+ 21. Bxe2 Rxc5 22. Rxc5 Qxb2 23. Rc2 1/2-1/2

[Event "Ceske Budejovice op-A"]
[Site "Ceske Budejovice"]
[Date "2020.07.08"]
[Round "8"]
[White "Nagyova, Daniela"]
[Black "Zauner, Christoph"]
[Result "0-1"]
[WhiteElo "1498"]
[BlackElo "1992"]
[PlyCount "116"]
[EventDate "2020.07.01"]
[EventType "swiss"]
[EventRounds "9"]
[EventCountry "CZE"]
[SourceTitle "CBM 197 Extra"]
[Source "ChessBase"]
[SourceDate "2020.09.30"]
[SourceVersion "1"]
[SourceVersionDate "2020.09.30"]
[SourceQuality "1"]

1. e4 e6 2. d4 d5 3. Nc3 Bb4 4. e5 Ne7 5. a3 Bxc3+ 6. bxc3 c5 7. a4 Qc7 8. Qd2 b6 9. Nf3 Ba6 10. Bxa6 Nxa6 11. 0-0 Rc8 12. Ne1 Nf5 13. Ba3 cxd4 14. cxd4 Qc3 15. Qxc3 Rxc3 16. Bb2 Rc7 17. c3 0-0 18. Nc2 Nb8 19. Ne3 Nc6 20. Nxf5 exf5 21. Rfe1 Re8 22. h3 Na5 23. Re2 Nc4 24. Ba3 Nxa3 25. Rxa3 Rec8 26. Rc2 Rc4 27. a5 b5 28. Rb2 a6 29. Rbb3 g5 30. f3 f4 31. Kf2 Kg7 32. Ke2 Kg6 33. Kd2 Kf5 34. Rb1 h5 35. Rh1 b4 36. cxb4 Rxb4 37. h4 g4 38. fxg4+ hxg4 39. h5 Rb2+ 40. Kd3 Rxg2 41. Raa1 Rb8 42. Rab1 Rg3+ 43. Kd2 Rh8 44. Rb6 Ke4 45. Rxa6 f3 46. Rf6 Rg2+ 47. Kd1 Kxd4 48. Rxf7 Ra8 49. e6 Rxa5 50. Rc7 Ra1+ 51. Rc1 Rxc1+ 52. Kxc1 Re2 53. h6 Rxe6 54. h7 Re8 55. h8Q+ Rxh8 56. Rxh8 f2 57. Rf8 g3 58. Kd2 g2 0-1

[Event "Ceske Budejovice op-A"]
[Site "Ceske Budejovice"]
[Date "2020.07.06"]
[Round "6"]
[White "Kozak, Milos"]
[Black "Zauner, Christoph"]
[Result "1/2-1/2"]
[WhiteElo "2174"]
[BlackElo "1992"]
[PlyCount "85"]
[EventDate "2020.07.01"]
[EventType "swiss"]
[EventRounds "9"]
[EventCountry "CZE"]
[SourceTitle "CBM 197 Extra"]
[Source "ChessBase"]
[SourceDate "2020.09.30"]
[SourceVersion "1"]
[SourceVersionDate "2020.09.30"]
[SourceQuality "1"]

1. d4 d5 2. c4 e6 3. Nf3 c6 4. e3 Bd6 5. Bd3 Nd7 6. 0-0 f5 7. cxd5 exd5 8. Bxf5 Nh6 9. Bd3 0-0 10. b3 Qe7 11. a4 Nf6 12. Ba3 Bxa3 13. Rxa3 Bg4 14. Be2 Ne4 15. Ra2 Rf6 16. Ne5 Be6 17. f3 Nd6 18. g4 Nhf7 19. Bd3 Rh6 20. Rg2 Ng5 21. Nd2 Nh3+ 22. Kh1 Rf8 23. Qe2 Nf7 24. Nxf7 Bxf7 25. f4 Bg6 26. f5 Be8 27. Nf3 g6 28. Ne5 c5 29. Qf3 Bc6 30. f6 Qd6 31. f7+ Kg7 32. g5 Rh5 33. Qf6+ Qxf6 34. gxf6+ Kh8 35. Rf3 cxd4 36. exd4 Ng5 37. Rfg3 Nxf7 38. Nxg6+ hxg6 39. Bxg6 Rh6 40. Re3 Re8 41. Bxf7 Rxe3 42. Rg8+ Kh7 43. Rg7+ 1/2-1/2

[Event "Ceske Budejovice op-A"]
[Site "Ceske Budejovice"]
[Date "2020.07.02"]
[Round "2"]
[White "Lang, Simon"]
[Black "Zauner, Christoph"]
[Result "0-1"]
[WhiteElo "1763"]
[BlackElo "1992"]
[PlyCount "60"]
[EventDate "2020.07.01"]
[EventType "swiss"]
[EventRounds "9"]
[EventCountry "CZE"]
[SourceTitle "CBM 197 Extra"]
[Source "ChessBase"]
[SourceDate "2020.09.30"]
[SourceVersion "1"]
[SourceVersionDate "2020.09.30"]
[SourceQuality "1"]

1. e4 e6 2. d4 d5 3. Nc3 Bb4 4. e5 Ne7 5. a3 Bxc3+ 6. bxc3 c5 7. Bd3 b6 8. h4 Ba6 9. Rh3 Bxd3 10. Qxd3 Nbc6 11. g4 h5 12. f3 Qc7 13. Ne2 cxd4 14. cxd4 Rc8 15. Ng3 hxg4 16. fxg4 Nxe5 17. Qb5+ Kf8 18. dxe5 Qxe5+ 19. Ne2 Qxa1 20. c3 Qa2 21. h5 Qc4 22. Qxc4 Rxc4 23. g5 Nf5 24. h6 gxh6 25. gxh6 Rh4 26. Rxh4 Nxh4 27. Ng3 Nf3+ 28. Kf2 Ne5 29. Ke3 Rxh6 30. Kd4 Nc6+ 0-1

[Event "Ceske Budejovice op-A"]
[Site "Ceske Budejovice"]
[Date "2020.07.01"]
[Round "1"]
[White "Zauner, Christoph"]
[Black "Bures, Jaroslav"]
[Result "0-1"]
[WhiteElo "1992"]
[BlackElo "2386"]
[PlyCount "56"]
[EventDate "2020.07.01"]
[EventType "swiss"]
[EventRounds "9"]
[EventCountry "CZE"]
[SourceTitle "CBM 197 Extra"]
[Source "ChessBase"]
[SourceDate "2020.09.30"]
[SourceVersion "1"]
[SourceVersionDate "2020.09.30"]
[SourceQuality "1"]

1. d4 Nf6 2. c4 e6 3. Nc3 Bb4 4. f3 d5 5. a3 Bxc3+ 6. bxc3 c5 7. cxd5 exd5 8. e3 c4 9. g4 h6 10. Ne2 Nc6 11. Ng3 Na5 12. Ra2 Nb3 13. Bg2 Qa5 14. Bd2 Bd7 15. 0-0 0-0-0 16. Be1 Rde8 17. Re2 Qxa3 18. Qb1 a5 19. Nf5 g6 20. Ra2 Qf8 21. Bg3 Re6 22. Nh4 Rxe3 23. Rxa5 Nxa5 24. Qb6 Qd8 25. Qc5+ Bc6 26. g5 b6 27. Bh3+ Kb7 28. Qb4 hxg5 0-1

[Event "Regionalliga Sued-Ost 1819"]
[Site "Bayern"]
[Date "2018.10.21"]
[Round "1.5"]
[White "Zauner, Christoph"]
[Black "Mueller, Michael"]
[Result "1/2-1/2"]
[WhiteElo "2003"]
[BlackElo "2108"]
[PlyCount "83"]
[EventDate "2018.10.21"]
[EventType "team-tourn"]
[EventRounds "9"]
[EventCountry "GER"]
[SourceTitle "EXT 2022"]
[Source "ChessBase"]
[SourceDate "2021.10.06"]
[SourceVersion "1"]
[SourceVersionDate "2021.10.06"]
[SourceQuality "1"]
[WhiteTeam "Passau II"]
[BlackTeam "Bayerwald Regen/Zwiesel"]
[WhiteTeamCountry "GER"]
[BlackTeamCountry "GER"]

1. d4 d6 2. Nf3 Nf6 3. c4 Nbd7 4. g3 e5 5. Bg2 Be7 6. 0-0 0-0 7. b3 c6 8. Ba3 Re8 9. Qc2 Bf8 10. e3 a6 11. Nbd2 h6 12. Rfd1 e4 13. Ne1 d5 14. Bxf8 Nxf8 15. Rdc1 Bf5 16. cxd5 cxd5 17. Qc7 Qxc7 18. Rxc7 Rab8 19. Rac1 Bd7 20. R7c3 Ne6 21. Nc2 Rbc8 22. Na3 Kf8 23. Bf1 Ke7 24. Nab1 Rxc3 25. Rxc3 Rc8 26. Be2 Rxc3 27. Nxc3 Nc7 28. a4 a5 29. f3 exf3 30. Bxf3 Bf5 31. Kf2 Bd3 32. e4 dxe4 33. Ncxe4 Nxe4+ 34. Bxe4 Bxe4 35. Nxe4 f5 36. Nc3 Ke6 37. Ke2 g5 38. Kd3 Nd5 39. Nb5 Nb4+ 40. Ke3 Nd5+ 41. Kd3 Nb4+ 42. Ke3 1/2-1/2

[Event "Wroclaw op"]
[Site "Wroclaw"]
[Date "2017.08.12"]
[Round "5"]
[White "Marko, Piotr"]
[Black "Zauner, Christoph"]
[Result "1-0"]
[WhiteElo "1794"]
[BlackElo "2044"]
[PlyCount "39"]
[EventDate "2017.08.10"]
[EventType "swiss"]
[EventRounds "9"]
[EventCountry "POL"]
[SourceTitle "CBM 180 Extra"]
[Source "ChessBase"]
[SourceDate "2017.10.06"]
[SourceVersion "1"]
[SourceVersionDate "2017.10.06"]
[SourceQuality "1"]

1. e4 e6 2. d4 d5 3. Nd2 Be7 4. c3 c5 5. dxc5 Nf6 6. Qc2 Bxc5 7. Bd3 Nc6 8. Ngf3 Bd7 9. 0-0 Rc8 10. a3 Bb6 11. Qb1 h6 12. b3 g5 13. exd5 Nxd5 14. Ne4 Bc7 15. c4 g4 16. cxd5 exd5 17. Qb2 f6 18. Qxf6 Rf8 19. Nd6+ Bxd6 20. Bg6+ 1-0

[Event "Wroclaw op"]
[Site "Wroclaw"]
[Date "2017.08.12"]
[Round "4"]
[White "Zauner, Christoph"]
[Black "Zagema, Jan Sybren"]
[Result "1/2-1/2"]
[WhiteElo "2044"]
[BlackElo "1878"]
[PlyCount "53"]
[EventDate "2017.08.10"]
[EventType "swiss"]
[EventRounds "9"]
[EventCountry "POL"]
[SourceTitle "CBM 180 Extra"]
[Source "ChessBase"]
[SourceDate "2017.10.06"]
[SourceVersion "1"]
[SourceVersionDate "2017.10.06"]
[SourceQuality "1"]

1. Nf3 Nf6 2. d4 g6 3. c4 Bg7 4. Nc3 d6 5. e4 0-0 6. Be2 e5 7. 0-0 Nc6 8. d5 Ne7 9. b4 Nh5 10. g3 f5 11. Ng5 Nf6 12. Bf3 h6 13. Ne6 Bxe6 14. dxe6 Qc8 15. Nd5 Re8 16. b5 Kh7 17. Bb2 Nxe4 18. Bxe4 fxe4 19. Re1 Nf5 20. Rxe4 Rxe6 21. g4 Ne7 22. f4 Nxd5 23. cxd5 Re7 24. Rc1 Qd7 25. Qe2 Rae8 26. Re1 Qc8 27. Bc1 1/2-1/2

[Event "Wroclaw op"]
[Site "Wroclaw"]
[Date "2017.08.11"]
[Round "3"]
[White "Beno, Milan"]
[Black "Zauner, Christoph"]
[Result "0-1"]
[WhiteElo "1691"]
[BlackElo "2044"]
[PlyCount "74"]
[EventDate "2017.08.10"]
[EventType "swiss"]
[EventRounds "9"]
[EventCountry "POL"]
[SourceTitle "CBM 180 Extra"]
[Source "ChessBase"]
[SourceDate "2017.10.06"]
[SourceVersion "1"]
[SourceVersionDate "2017.10.06"]
[SourceQuality "1"]

1. e4 e6 2. d4 d5 3. Nd2 Be7 4. Ngf3 Nf6 5. e5 Nfd7 6. c4 c5 7. cxd5 exd5 8. Bb5 Nc6 9. Bxc6 bxc6 10. Qa4 Qb6 11. 0-0 0-0 12. Nb3 Ba6 13. Re1 Bb5 14. Qa5 c4 15. Qxb6 axb6 16. Nbd2 Bb4 17. Re3 Rfe8 18. Nb1 Ba4 19. Bd2 Bxd2 20. Nbxd2 Bc2 21. a3 Nf8 22. Rc1 Bf5 23. Nh4 Bd3 24. Nhf3 Ne6 25. Nb1 b5 26. g3 Reb8 27. b4 Ra6 28. Rxd3 cxd3 29. Rd1 Nf8 30. Nfd2 Nd7 31. Nb3 Nb6 32. Nc5 Ra7 33. Rxd3 Nc4 34. f4 Rba8 35. f5 Nxa3 36. Nxa3 Rxa3 37. e6 Rxd3 0-1

[Event "AUT-chT2M 1516"]
[Site "Austria"]
[Date "2015.11.14"]
[Round "4.1"]
[White "Zauner, Christoph"]
[Black "Mostbauer, Maximilian"]
[Result "0-1"]
[WhiteElo "1960"]
[BlackElo "2126"]
[PlyCount "124"]
[EventDate "2015.10.02"]
[EventType "team-tourn"]
[EventRounds "11"]
[EventCountry "AUT"]
[SourceTitle "EXT 2017"]
[Source "ChessBase"]
[SourceDate "2016.10.25"]
[SourceVersion "1"]
[SourceVersionDate "2016.10.25"]
[SourceQuality "1"]
[WhiteTeam "Sauwald II"]
[BlackTeam "Ansfelden"]
[WhiteTeamCountry "AUT"]
[BlackTeamCountry "AUT"]

1. d4 Nf6 2. c4 g6 3. Nc3 Bg7 4. e4 d6 5. Nf3 0-0 6. Be2 e5 7. 0-0 Nc6 8. d5 Ne7 9. b4 Nh5 10. g3 f5 11. Ng5 Nf6 12. Bf3 h6 13. Ne6 Bxe6 14. dxe6 Qc8 15. Nd5 Nexd5 16. exd5 e4 17. Be2 Nxd5 18. Qxd5 Bxa1 19. e7+ Rf7 20. c5 c6 21. Qxd6 Kh7 22. Rd1 Bf6 23. Bc4 Bxe7 24. Qd7 Rg7 25. Qxc8 Rxc8 26. Bb2 Rd8 27. Rxd8 Bxd8 28. Bxg7 Kxg7 29. Be6 b6 30. Bd7 bxc5 31. bxc5 Kf6 32. Bxc6 Be7 33. Kf1 Bxc5 34. Ke2 g5 35. h3 Ke5 36. Bd7 a5 37. a4 f4 38. gxf4+ gxf4 39. Bg4 f3+ 40. Kf1 Bb4 41. Bd7 Kf4 42. Bc6 Bd2 43. Bd7 h5 44. Be8 h4 45. Bd7 Bb4 46. Be6 Bc5 47. Bd7 Bxf2 48. Kxf2 e3+ 49. Kf1 Kg3 50. Bc6 f2 51. Bf3 Kxh3 52. Be4 Kg3 53. Bd5 h3 54. Bc6 Kf4 55. Ke2 Ke5 56. Bh1 Kd4 57. Bc6 h2 58. Bh1 Kc3 59. Bf3 Kb3 60. Bc6 Kc4 61. Kf1 Kc3 62. Ke2 f1Q+ 0-1

[Event "Niederbayernliga 1516"]
[Site "Bayern"]
[Date "2015.10.25"]
[Round "2.1"]
[White "Huber, Florian"]
[Black "Zauner, Christoph"]
[Result "0-1"]
[WhiteElo "1682"]
[BlackElo "2056"]
[PlyCount "48"]
[EventDate "2015.10.11"]
[EventType "team-tourn"]
[EventRounds "9"]
[EventCountry "GER"]
[SourceTitle "EXT 2023"]
[Source "ChessBase"]
[SourceDate "2022.10.05"]
[SourceVersion "1"]
[SourceVersionDate "2022.10.05"]
[SourceQuality "1"]
[WhiteTeam "Landau Dingolfing II"]
[BlackTeam "Passau II"]
[WhiteTeamCountry "GER"]
[BlackTeamCountry "GER"]

1. d4 e6 2. e3 f5 3. Nf3 Nf6 4. c4 d6 5. Nc3 g6 6. g3 Bg7 7. Bg2 0-0 8. 0-0 Na6 9. Re1 Ne4 10. Qc2 d5 11. cxd5 exd5 12. a3 Be6 13. b4 c5 14. bxc5 Naxc5 15. Nxe4 fxe4 16. Qxc5 exf3 17. Bf1 Qd7 18. Bb5 Qf7 19. Bd2 h5 20. e4 Rfc8 21. Qb4 a5 22. Qa4 dxe4 23. Rxe4 Bb3 24. Rf4 Qd5 0-1

[Event "Niederbayernliga 1415"]
[Site "Bayern"]
[Date "2015.03.15"]
[Round "8.4"]
[White "Zauner, Christoph"]
[Black "Kurz, Helmut"]
[Result "1-0"]
[WhiteElo "2005"]
[BlackElo "1724"]
[PlyCount "39"]
[EventDate "2014.10.19"]
[EventType "team-tourn"]
[EventRounds "9"]
[EventCountry "GER"]
[SourceTitle "EXT 2023"]
[Source "ChessBase"]
[SourceDate "2022.10.05"]
[SourceVersion "1"]
[SourceVersionDate "2022.10.05"]
[SourceQuality "1"]
[WhiteTeam "Passau II"]
[BlackTeam "Landau Dingolfing"]
[WhiteTeamCountry "GER"]
[BlackTeamCountry "GER"]

1. d4 d5 2. c4 c6 3. Nf3 e6 4. Nc3 f5 5. Bf4 Nf6 6. e3 a6 7. Be2 Bd6 8. Ne5 0-0 9. g4 Ne4 10. h4 Nd7 11. Nxe4 fxe4 12. Nxc6 Qf6 13. g5 Qf7 14. Bxd6 Qxf2+ 15. Kd2 Rf3 16. Ne7+ Kf7 17. Qg1 Nb6 18. g6+ Ke8 19. Qxf2 Rxf2 20. gxh7 1-0

[Event "Braunau op"]
[Site "Braunau"]
[Date "2013.09.22"]
[Round "5"]
[White "Zauner, Christoph"]
[Black "Wertjanz, David"]
[Result "0-1"]
[WhiteElo "1890"]
[BlackElo "2267"]
[PlyCount "68"]
[EventDate "2013.09.20"]
[EventType "swiss"]
[EventRounds "5"]
[EventCountry "AUT"]
[SourceTitle "CBM 156 Extra"]
[Source "ChessBase"]
[SourceDate "2013.10.22"]
[SourceVersion "1"]
[SourceVersionDate "2013.10.22"]
[SourceQuality "1"]

1. d4 Nf6 2. Nf3 e6 3. c4 b6 4. g3 Ba6 5. b3 Bb7 6. Bg2 Bb4+ 7. Bd2 a5 8. 0-0 0-0 9. a3 Be7 10. Nc3 d5 11. Ne5 Na6 12. Qc2 c5 13. dxc5 Nxc5 14. cxd5 exd5 15. Rfd1 Ne6 16. Nb5 Qb8 17. Qb2 Rc8 18. Be3 Bc5 19. Rd3 Ba6 20. a4 Bxb5 21. axb5 Bxe3 22. Rxe3 d4 23. Nc6 Rxc6 24. Bxc6 dxe3 25. Bxa8 exf2+ 26. Kxf2 Qxa8 27. Ra4 h5 28. Qc1 Qd5 29. Qc8+ Kh7 30. Qc2+ g6 31. Qd3 Qc5+ 32. Kg2 Ng4 33. Qf3 Ng5 34. Qf4 Ne3+ 0-1

[Event "Niederbayernliga 1112"]
[Site "Bayern"]
[Date "2012.??.??"]
[Round "7"]
[White "Mueller, Michael3333"]
[Black "Zauner, Christoph"]
[Result "1-0"]
[WhiteElo "1990"]
[BlackElo "1863"]
[PlyCount "59"]
[EventDate "2011.10.??"]
[EventType "team-tourn"]
[EventRounds "9"]
[EventCountry "GER"]
[SourceTitle "EXT 2023"]
[Source "ChessBase"]
[SourceDate "2022.10.05"]
[SourceVersion "1"]
[SourceVersionDate "2022.10.05"]
[SourceQuality "1"]
[WhiteTeam "Bayerwald Regen"]
[BlackTeam "Passau II"]
[WhiteTeamCountry "GER"]
[BlackTeamCountry "GER"]

1. e4 e6 2. d3 d5 3. Nd2 Nf6 4. Ngf3 b6 5. c3 Bb7 6. e5 Nfd7 7. d4 Be7 8. Bd3 c5 9. a3 Nc6 10. b4 g5 11. h3 Qc7 12. Bb2 c4 13. Bc2 0-0-0 14. Qe2 Rde8 15. Nf1 Kb8 16. 0-0-0 Nf8 17. Kb1 Ng6 18. Bc1 h6 19. Ng3 Qd8 20. Nh5 Rhg8 21. Nh2 f5 22. exf6 Bxf6 23. Ng4 Bh8 24. Nxh6 e5 25. dxe5 Bxe5 26. Nxg8 Bxc3 27. Qf3 d4 28. Qxc3 dxc3 29. Rxd8+ Nxd8 30. Ngf6 1-0

[Event "Niederbayernliga 1112"]
[Site "Bayern"]
[Date "2011.??.??"]
[Round "2"]
[White "Woitylak, Steffen"]
[Black "Zauner, Christoph"]
[Result "1-0"]
[WhiteElo "1896"]
[BlackElo "1863"]
[PlyCount "127"]
[EventDate "2011.10.??"]
[EventType "team-tourn"]
[EventRounds "9"]
[EventCountry "GER"]
[SourceTitle "EXT 2023"]
[Source "ChessBase"]
[SourceDate "2022.10.05"]
[SourceVersion "1"]
[SourceVersionDate "2022.10.05"]
[SourceQuality "1"]
[WhiteTeam "Geiselhoering"]
[BlackTeam "Passau II"]
[WhiteTeamCountry "GER"]
[BlackTeamCountry "GER"]

1. e4 e6 2. Nf3 d5 3. exd5 exd5 4. d4 Bd6 5. Nc3 Ne7 6. Bd3 Bg4 7. Nb5 Nbc6 8. c3 Ng6 9. Nxd6+ Qxd6 10. h3 Bd7 11. 0-0 0-0-0 12. Qc2 Nce7 13. Re1 Rde8 14. Ne5 Nc6 15. Nf3 Rxe1+ 16. Nxe1 Qf6 17. Be3 Nf4 18. Qd2 Nxd3 19. Nxd3 h5 20. b4 Rg8 21. Nf4 Qf5 22. Qe2 h4 23. Qd3 Ne7 24. a4 Qf6 25. c4 Bf5 26. Qc3 g5 27. Nxd5 Nxd5 28. cxd5 Be4 29. Rc1 Qd6 30. Qd2 f6 31. f3 Bxd5 32. b5 Re8 33. Kh1 Re7 34. Bg1 Qa3 35. a5 g4 36. hxg4 h3 37. Qc3 hxg2+ 38. Kxg2 Qa2+ 39. Bf2 c6 40. Rc2 Qb1 41. bxc6 bxc6 42. Rc1 Qg6 43. Kf1 Qh6 44. Kg2 Qf4 45. Rf1 Re2 46. Rg1 Qxg4+ 47. Kf1 Qe6 48. Rg8+ Kd7 49. Rg7+ Ke8 50. Qb4 Qh3+ 51. Kxe2 Bxf3+ 52. Kd2 Qh6+ 53. Be3 Qxg7 54. Qb8+ Kf7 55. Qxa7+ Kg6 56. Qxg7+ Kxg7 57. a6 Kf7 58. Kc3 c5 59. dxc5 Ke6 60. Kb4 Kd7 61. Kb5 Kc8 62. Bf4 Be2+ 63. Kb6 Bf3 64. c6 1-0

[Event "Landesliga Sued 0910"]
[Site "Bayern"]
[Date "2010.02.07"]
[Round "6.6"]
[White "Spiess, Martin"]
[Black "Zauner, Christoph"]
[Result "1-0"]
[WhiteElo "2076"]
[BlackElo "1791"]
[PlyCount "93"]
[EventDate "2009.10.18"]
[EventType "team-tourn"]
[EventRounds "9"]
[EventCountry "GER"]
[SourceTitle "EXT 2011"]
[Source "ChessBase"]
[SourceDate "2010.11.26"]
[SourceVersion "1"]
[SourceVersionDate "2010.11.26"]
[SourceQuality "1"]
[WhiteTeam "Ingolstadt"]
[BlackTeam "Passau II"]
[WhiteTeamCountry "GER"]
[BlackTeamCountry "GER"]

1. e4 c5 2. Nf3 Nc6 3. Nc3 d6 4. d4 cxd4 5. Nxd4 e5 6. Nb3 Nf6 7. f3 Be7 8. Be3 Be6 9. Qd2 d5 10. exd5 Nxd5 11. Nxd5 Qxd5 12. Qxd5 Bxd5 13. 0-0-0 0-0-0 14. Bb5 a6 15. Bd3 g6 16. Bb6 Rd6 17. c4 Be6 18. c5 Rd7 19. Be4 Bd8 20. Rxd7 Kxd7 21. Rd1+ Kc8 22. Bxc6 bxc6 23. Kc2 Bd5 24. a4 Re8 25. Bxd8 Rxd8 26. Re1 Re8 27. Kc3 f5 28. Nd2 Kc7 29. b4 Re6 30. Nc4 e4 31. fxe4 Rxe4 32. Rxe4 Bxe4 33. g3 Bd5 34. Nd6 Kd7 35. Kd4 Ke6 36. Ne8 Bb3 37. b5 axb5 38. axb5 cxb5 39. Nc7+ Kf6 40. Nxb5 Kg5 41. c6 Kf6 42. c7 Be6 43. Nd6 Kg5 44. Ke5 Bd7 45. h3 f4 46. Ne4+ Kh5 47. Nf6+ 1-0